000 00631nam a2200253Ia 4500
005 20260121161050.0
008 008 260114s9999 xx 000 0 eng d
020 _a9780203208007
037 _aEBOOK
040 _aCRL
040 _beng
040 _cCRL
041 _2eng
041 _aeng
084 _qCRL
100 _a Ariel Heryanto; Sumit K. Mandal
_91039771
245 0 _aChallenging Authoritarianism in Southeast Asia
260 _bTaylor and Francis
260 _c2003
856 _uhttp://www.taylorfrancis.com/books/9780203208007
942 _cEBOOK
999 _c1606587
_d1606587